Postkapitalistická společnost
Saved in:
| Main Author: | |
|---|---|
| Other Authors: | |
| Format: | Book |
| Language: | Czech |
| Published: |
Praha
Management Press
1993
|
| Edition: | 1. vyd. |
| Subjects: | |
| Tags: |
No Tags, Be the first to tag this record!
|
MARC
| LEADER | 00000nam a2200000 4500 | ||
|---|---|---|---|
| 001 | c004313 | ||
| 005 | 20221214082647.5 | ||
| 020 | |a 80-85603-31-4 | ||
| 041 | 0 | |a cze | |
| 044 | |a CZ | ||
| 245 | 1 | 0 | |a Postkapitalistická společnost |c Peter F. Drucker ; [Z angl. prel.] Josef Vavroušek |
| 250 | |a 1. vyd. | ||
| 264 | 1 | |a Praha |b Management Press |c 1993 | |
| 300 | |a 197 s. | ||
| 610 | 2 | 0 | |a spoločnosť postkapitalistická |
| 610 | 2 | 0 | |a transformácia |
| 610 | 2 | 0 | |a práca |
| 610 | 2 | 0 | |a kapitál |
| 610 | 2 | 0 | |a politika |
| 610 | 2 | 0 | |a štát |
| 100 | 1 | |a Drucker, Peter F. | |
| 700 | 1 | |a Vavroušek, Josef | |